header

Lecture notes in applied differential equations of mathematical physics (Record no. 12565)

MARC details
000 -LEADER
fixed length control field 01228nam a2200325Ia 4500
100 1# - MAIN ENTRY--AUTHOR NAME
Personal name Botelho, Luiz C. L.
245 10 - TITLE STATEMENT
Title Lecture notes in applied differential equations of mathematical physics
260 ## - PUBLICATION, DISTRIBUTION, ETC. (IMPRINT)
Place of publication Hackensack, NJ :
Name of publisher World Scientific,
Year of publication c2008.
300 ## - PHYSICAL DESCRIPTION
Number of Pages xiv, 324 p.
500 ## - GENERAL NOTE
General note Includes index.
650 #0 - SUBJECT ADDED ENTRY--TOPICAL TERM
Topical Term Differential equations.
Topical Term Functional analysis.
Topical Term Mathematical physics.
856 40 - ELECTRONIC LOCATION AND ACCESS
Uniform Resource Identifier http://site.ebrary.com/lib/rucke/Doc?id=10688008

No items available.

© 2026 Rongo University
Contact us: librarian | system librarian | Rongo university